| 000 | 00717nam a22002537i 4500 | ||
|---|---|---|---|
| 003 | DO-SdBNP | ||
| 005 | 20250507093852.0 | ||
| 007 | ta | ||
| 008 | 250507b2024 |||||||| |||| 00| 0 spa d | ||
| 020 | _a9789945800807 | ||
| 040 |
_aDO-SdBNP _bspa _cBNPHU _erda |
||
| 041 | _hspa | ||
| 082 |
_axxx _bS232a _222 |
||
| 100 | 1 |
_aSantana, Alejandro _eautor _926590 |
|
| 245 | 0 |
_a¿Agua o Tequila? : _bmononovela / _cAlejandro Santana |
|
| 264 |
_aSanto Domingo : _bTiempo de Nosotros, _c2024. |
||
| 300 |
_a200 páginas ; _c22 cm |
||
| 336 |
_ardacontent _btexto _2txt |
||
| 337 |
_ardamedia _bsin mediación _2n |
||
| 338 |
_ardacarrier _bvolumen _2nc |
||
| 590 | _aInventariado,2025/DG | ||
| 910 | _aDG | ||
| 942 |
_2ddc _cLBS1 |
||
| 999 |
_c58397 _d58397 |
||